Chansons de Booba - Statistiques

Statistiques générales
  • Ce quiz a été pris 469 fois
    150 depuis la dernière actualisation
  • Le résultat moyen est 61 sur 271
Statistiques - réponses
Album Réponse % Correct
Mauvais oeil 92I
79%
AD VITAM AETERNAM Dolce Camara
68%
Trône Petite fille
68%
Futur Kalash
67%
Ouest Side Pitbull
67%
Nero nemesis 92i Veyron
66%
Ouest Side Boulbi
65%
Autopsie Vol 2 Le D.U.C.
65%
Temps mort Temps mort
65%
Autopsie Vol 4 Scarface
63%
Trône DKR
62%
Nero nemesis 4G
61%
Trône Trône
61%
ULTRA 5G
60%
Futur 2.0 A.C. Milan
60%
D.U.C D.U.C
59%
Futur Futur
59%
Nero nemesis Validée
59%
D.U.C 3G
56%
Trône Friday
55%
Lunatic Lunatic
54%
Trône Ridin'
53%
AD VITAM AETERNAM 6G
51%
Nero nemesis Pinocchio
49%
Panthéon Tallac
49%
ULTRA Ultra
49%
Trône E.L.E.P.H.A.N.T
48%
Autopsie Vol 2 | Ouest Side Ouest Side
48%
AD VITAM AETERNAM Saga
48%
Nero nemesis Walabok
47%
0.9 | Autopsie Vol 2 Garcimore
46%
Nero nemesis Génération Assassin
45%
Ouest Side Garde la pêche
44%
Futur 2.0 Turfu
44%
0.9 0.9
43%
Trône 113
43%
Nero nemesis Attila
43%
0.9 | Autopsie Vol 1 | Autopsie Vol 2 | +2 others Intro
42%
Mauvais oeil Mauvais oeil
42%
Ouest Side Le duc de Boulogne
41%
Panthéon N°10
41%
D.U.C OKLM
40%
Futur Caramel
39%
Nero nemesis Charbon
39%
Lunatic Comme une étoile
38%
Futur Tombé pour elle
38%
ULTRA Mona Lisa
37%
Lunatic Paradis
37%
Futur Jimmy
36%
Trône Centurion
35%
Nero nemesis Comme les autres
35%
Temps mort Ma définition
35%
Ouest Side Mauvais garçon
35%
Autopsie Vol 4 Paname
35%
AD VITAM AETERNAM Rebel
35%
Nero nemesis Zer
35%
Mauvais oeil La lettre
34%
D.U.C Mové Lang
34%
D.U.C Tony Sosa
34%
Autopsie Vol 2 | Ouest Side Au bout des rêves
33%
0.9 Pourvu qu'elles m'aiment
33%
Nero nemesis Talion
33%
Autopsie Vol 3 Double Poney
32%
D.U.C LVMH
32%
Trône Nougat
32%
Autopsie Vol 4 A4
31%
Trône Drapeau noir
31%
D.U.C G-Love
30%
Temps mort Le bitume avec une plume
30%
Autopsie Vol 2 | Ouest Side Outro
30%
D.U.C Temps mort 2.0
30%
Futur Maître Yoda
29%
Futur Rolex
29%
Nero nemesis Habibi
28%
Lunatic Jour de paye
28%
Autopsie Vol 4 Bakel City Gang
27%
Ouest Side Boite vocale
27%
Autopsie Vol 2 Boîte vocale
27%
Trône Bouyon
27%
Temps mort Ecoute bien
27%
Lunatic Killer
27%
D.U.C La mort leur va si bien
27%
ULTRA L'olivier
27%
Lunatic Ma couleur
27%
Autopsie Vol 1 Pas le temps pour les regrets
27%
0.9 B2OBA
26%
Temps mort Nouvelle école
26%
Futur Pirates
26%
Autopsie Vol 1 | Temps mort Repose en paix
26%
AD VITAM AETERNAM Sport Billy
26%
Futur 2.0 Une vie
26%
D.U.C Caracas
25%
Autopsie Vol 1 | Mauvais oeil Civilisé
25%
Ouest Side Couleur ébène
25%
D.U.C Mon pays
25%
Nero nemesis U2K
25%
ULTRA VVV
25%
Futur Wesh Morray
25%
Futur 2.0 Billets verts
24%
0.9 Game Over
24%
Temps mort Indépendants
24%
0.9 Salade, tomate, oignons
24%
Autopsie Vol 3 A3
23%
Trône Ça va aller
23%
D.U.C Bellucci
22%
AD VITAM AETERNAM Bénigni
22%
ULTRA Dernière fois
22%
Trône Terrain
22%
AD VITAM AETERNAM Abidal
21%
ULTRA Azerty
21%
D.U.C Billets violets
21%
ULTRA Bonne journée
21%
AD VITAM AETERNAM CVBSP
21%
ULTRA Grain de sable
21%
Futur 2.0 RTC
21%
AD VITAM AETERNAM Signé
21%
Temps mort Strass et paillettes
21%
Futur 2.0 2.0
20%
D.U.C Jack Da
20%
Trône Magnifique
20%
Futur 2PAC
19%
Panthéon Baby
19%
Lunatic Caesar Palace
19%
Ouest Side Gun in Hand
19%
Mauvais oeil HLM 3
19%
0.9 Illégal
19%
0.9 Izi monnaie
19%
Temps mort Jusqu'ici tout va bien
19%
Lunatic Saddam Hauts-de-Seine
19%
ULTRA Vue sur la mer
19%
Lunatic Jimmy deux fois
18%
Lunatic Les derniers seront les premiers
18%
Panthéon Bâtiment C
17%
Ouest Side Le météore
17%
Futur 2.0 T.L.T
17%
Ouest Side 92 izi
16%
Lunatic Abracadabra
16%
Trône A la folie
16%
ULTRA GP
16%
D.U.C Les meilleurs
16%
Futur Maki Sall Music
16%
Futur O.G.
16%
Futur 2.0 Parlons peu
16%
D.U.C Ratpis
16%
ULTRA RST
16%
Autopsie Vol 4 Vaisseau Mère
16%
Temps mort Animals
15%
Autopsie Vol 1 Inédit
15%
0.9 Izi Life
15%
Panthéon Le mal par le mal
15%
Ouest Side Au fond de la classe
14%
Futur G5
14%
Futur 2.0 Longueur d'avance
14%
Panthéon Mon son
14%
Mauvais oeil Pas l'temps pour les regrets
14%
Panthéon R.A.P.
14%
Autopsie Vol 3 Rats des villes
14%
Temps mort 100-8 Zoo
13%
Futur 1.8.7
13%
Lunatic 45 scientific
13%
Mauvais oeil Le silence n'est pas un oubli
13%
D.U.C MR.Kopp
13%
0.9 R.A.S
13%
ULTRA 31
12%
Panthéon Avant de partir
12%
Mauvais oeil Avertisseurs
12%
Autopsie Vol 4 Criminelle League
12%
Autopsie Vol 4 Cruella
12%
AD VITAM AETERNAM GM
12%
Autopsie Vol 2 | Ouest Side Je me souviens
12%
Panthéon La faucheuse
12%
Mauvais oeil Le son qui met la pression
12%
D.U.C Loin d'ici
12%
0.9 Marche ou crève
12%
Ouest Side Ouais ouais
12%
Panthéon Pazalaza pour sazamuser
12%
0.9 Soldats
12%
Panthéon Hors-saison
11%
Autopsie Vol 4 Pigeons
11%
Temps mort Sans ratures
11%
Panthéon Commis d'office
10%
ULTRA Je sais
10%
Lunatic Kojak
10%
Autopsie Vol 1 Le crime paie
10%
Temps mort On m'a dit
10%
Mauvais oeil Têtes brülées
10%
Futur C'est la vie
9%
Autopsie Vol 3 Fœtus
9%
Mauvais oeil Groupe sanguin
9%
0.9 King
9%
Mauvais oeil L'effort de paix
9%
Temps mort De mauvaise augure
8%
Lunatic Fast Life
8%
Lunatic Si tu savais
8%
Autopsie Vol 1 Banlieue
7%
Lunatic Boss du Rap Game
7%
Autopsie Vol 2 Du biff
7%
Futur Tout c'que j'ai
7%
D.U.C All set
6%
0.9 Bad Boy Street
6%
Autopsie Vol 3 La vie en rouge
6%
Lunatic Me-Ca
6%
Lunatic Réel
6%
Autopsie Vol 3 Reste en chien
6%
Mauvais oeil Si tu kiffes pas...
6%
Lunatic Top niveau
6%
Panthéon Alter Ego
5%
Autopsie Vol 4 Gangster
5%
Autopsie Vol 4 Fenwick
4%
Autopsie Vol 2 Freestyle
4%
Autopsie Vol 2 Tout et tout d'suite
4%
Autopsie Vol 4 Corner
3%
Autopsie Vol 3 Démarrer
3%
Autopsie Vol 4 Ennemi
3%
Autopsie Vol 2 Hustlin'
3%
Autopsie Vol 3 On contrôle la zone
3%
Trône Tout ira bien
3%
Autopsie Vol 3 Trashhh
3%
Autopsie Vol 4 Bandana Muzik
2%
Autopsie Vol 1 Cash Flow
2%
Autopsie Vol 3 El Dorado
2%
Autopsie Vol 1 Homme de l'ombre
2%
Autopsie Vol 4 Le 6 gro
2%
Autopsie Vol 1 Les vrais savent
2%
Autopsie Vol 4 Life
2%
Autopsie Vol 3 Maman dort
2%
0.9 Marche ou crève (Busy P Remix)
2%
Autopsie Vol 2 Nique sa mère
2%
Autopsie Vol 4 Problem
2%
Autopsie Vol 3 Bienvenue dans le Texas
1%
Autopsie Vol 3 Diamond Girl
1%
Autopsie Vol 1 Freestyle Radio 1
1%
Autopsie Vol 1 Freestyle Radio 2
1%
Autopsie Vol 1 Freestyle Radio 3
1%
Autopsie Vol 3 Liberation Time
1%
Autopsie Vol 2 Mauvais garçon (Remix)
1%
Autopsie Vol 3 Millionnaire
1%
Autopsie Vol 2 Momma
1%
Autopsie Vol 3 Murderer
1%
Autopsie Vol 3 Ne me parle pas de rue
1%
Autopsie Vol 3 Non stop
1%
Autopsie Vol 2 On sait l'faire
1%
Autopsie Vol 1 On se maintient
1%
Autopsie Vol 1 Plus de respect
1%
Autopsie Vol 4 Privé d'antenne
1%
Autopsie Vol 2 Quoi qu'il arrive
1%
Autopsie Vol 3 Ride
1%
Autopsie Vol 1 Sang d'encre
1%
Autopsie Vol 2 Tu m'connais pas
1%
Autopsie Vol 3 Un grand de demain
1%
Autopsie Vol 2 All I Have
0%
Autopsie Vol 2 Boulbi (Freestyle cut killer Show)
0%
Autopsie Vol 1 La faucheuse (remix)
0%
Autopsie Vol 2 Me And You (Remix)
0%
Autopsie Vol 2 Monnaie dans l'crâne
0%
Autopsie Vol 2 Ouais ouais (Freestyle planète rap)
0%
Autopsie Vol 3 Salade, tomates, oignons (Remix)
0%
Aucun quiz correspondant
Distribution des résultats
% des personnes avec chaque résultat
Percentile par nombre de réponses
Votre historique - résultats
Vous n’avez pas pris ce quiz depuis la dernière actualisation